000
00199nam a2200085Ia 4500
008
120527s9999 xx 000 0 und d
100
_a
Larson & Scott
245
_a
Macro Economics software
942
_c
BK
999
_c
27130
_d
27130